Rawls : por una democracia justa /

Guardado en:
Autor Principal: Nurock, Vanessa.
Otros Autores: Gil, Sol, (trad.), Werli, Antonio, (trad.), Dilon, Ariel, (trad.)
Formato: Libro
Idioma:Spanish
Publicado: Ciudad Autónoma de Buenos Aires : Jusbaires, 2015.
Edición:1a. ed.
Series:Colección El Bien Común
Materias:
Etiquetas: Agregar Etiqueta
Sin Etiquetas, Sea el primero en etiquetar este registro!
LEADER 00630nam a22002055a 4500
001 DER.der014033
008 190911s2015####ag############000#0#spa#d
005 20241106123750.0
245 1 0 |a Rawls :  |b por una democracia justa /  |c Vanessa Nurock. 
250 |a 1a. ed. 
260 |a Ciudad Autónoma de Buenos Aires :  |b Jusbaires,  |c 2015. 
300 |a 128 p. 
490 0 |a Colección El Bien Común 
020 |a 9789873690266 
100 1 |a Nurock, Vanessa. 
700 1 |a Gil, Sol,  |e trad. 
700 1 |a Werli, Antonio,  |e trad. 
700 1 |a Dilon, Ariel,  |e trad. 
650 7 |a FILOSOFIA DEL DERECHO 
859 |a DERECHO  |b BIB. DERECHO  |h 340.1  |i NUR  |p 009257